[Event "8. Griesheimer Schachtage 2012"]
[Site "Griesheim"]
[Date "2012.05.20"]
[Round "4.12"]
[White "Ruell, Michael"]
[Black "Winand, Edgar"]
[Result "0-1"]
[WhiteElo "1784"]
[BlackElo "1947"]
[PlyCount "76"]
[EventDate "2012.05.20"]

1. e4 d6 2. Nf3 g6 3. g3 Bg7 4. Bg2 c5 5. d3 Nc6 6. c3 h6 7. O-O e6 8. a4 Nge7
9. Na3 O-O 10. Rb1 Rb8 11. b4 Bxc3 12. b5 Ne5 13. Bxh6 Nxf3+ 14. Bxf3 Bg7 15.
Qd2 b6 16. h4 d5 17. exd5 exd5 18. Bf4 Rb7 19. h5 Nf5 20. Nc2 Be6 21. Rbe1 Nd4
22. Nxd4 Bxd4 23. hxg6 Qf6 24. gxf7+ Bxf7 25. Bh6 Bc3 26. Qc1 Bxe1 27. Bxf8
Qxf3 28. Bxc5 bxc5 29. Qg5+ Kh7 30. Rxe1 Qh5 31. Qd8 d4 32. Re7 Rxe7 33. Qxe7
Qd1+ 34. Kg2 Qh5 35. Qxa7 Qd5+ 36. Kg1 c4 37. b6 c3 38. b7 c2 0-1

[Event "8. Griesheimer Schachtage 2012"]
[Site "Griesheim"]
[Date "2012.05.20"]
[Round "4.13"]
[White "Berkes, Joerg"]
[Black "Freund, Karlheinz"]
[Result "0-1"]
[WhiteElo "1777"]
[BlackElo "1921"]
[PlyCount "84"]
[EventDate "2012.05.20"]

1. e4 d6 2. Nf3 Nd7 3. Bc4 h6 4. d4 c6 5. Nc3 Qc7 6. O-O e5 7. Nh4 Ngf6 8. f4
exf4 9. e5 dxe5 10. dxe5 Nxe5 11. Bxf4 Qb6+ 12. Kh1 Nxc4 13. Re1+ Be6 14. Rxe6+
fxe6 15. Qe2 Kf7 16. Qxc4 Qc5 17. Qd3 Qh5 18. Nf3 Ng4 19. Qd7+ Be7 20. Bd6 Rhe8
21. Nd4 e5 22. Qe6+ Kf8 23. Rf1+ Nf6 24. Bxe5 Qf7 25. Qh3 Bd8 26. Bd6+ Kg8 27.
g4 Qg6 28. Rg1 Ne4 29. Nxe4 Qxe4+ 30. Nf3 Re6 31. Qg3 Bb6 32. Re1 Qd5 33. Rxe6
Qxe6 34. g5 Rd8 35. gxh6 Qxh6 36. Bf4 Qe6 37. Be5 Rd7 38. Bxg7 Bf2 39. Qg5 Be3
40. Qg3 Rxg7 41. Qb8+ Kh7 42. Qd8 Qe4 0-1

[Event "8. Griesheimer Schachtage 2012"]
[Site "Griesheim"]
[Date "2012.05.20"]
[Round "4.14"]
[White "Schmitt, Roland"]
[Black "Pham-Tran, Phoung Bao"]
[Result "1-0"]
[WhiteElo "1916"]
[BlackElo "1771"]
[PlyCount "47"]
[EventDate "2012.05.20"]

1. d4 Nf6 2. c4 g6 3. Nc3 d5 4. cxd5 Nxd5 5. e4 Nxc3 6. bxc3 Bg7 7. Bc4 c5 8.
Ne2 Nc6 9. Be3 O-O 10. O-O Qc7 11. Rc1 b6 12. Qd2 Bb7 13. Bh6 Rad8 14. Bxg7
Kxg7 15. f4 e5 16. f5 f6 17. Rf3 exd4 18. Nf4 Bc8 19. Rh3 g5 20. Qe2 gxf4 21.
Rf1 Ne5 22. Rxf4 Rh8 23. Qh5 Qe7 24. Qh6# 1-0

[Event "8. Griesheimer Schachtage 2012"]
[Site "Griesheim"]
[Date "2012.05.20"]
[Round "4.15"]
[White "Gramlich, Sebastian"]
[Black "Rauscher, Joachim"]
[Result "1/2-1/2"]
[WhiteElo "2283"]
[BlackElo "1865"]
[PlyCount "61"]
[EventDate "2012.05.20"]

1. d4 d5 2. c4 e6 3. Nf3 Nf6 4. g3 Be7 5. Bg2 O-O 6. O-O Nbd7 7. Qc2 c6 8. Nbd2
Re8 9. e4 dxe4 10. Nxe4 Nxe4 11. Qxe4 Nf6 12. Qe2 Bd6 13. b3 Qa5 14. Bb2 Ba3
15. Rad1 Bxb2 16. Qxb2 Bd7 17. Ne5 Rad8 18. Rfe1 Bc8 19. b4 Qc7 20. a4 Nd7 21.
Nf3 Nb6 22. Qc2 h6 23. h4 Re7 24. Bf1 Rde8 25. Ne5 Nd7 26. c5 Nf6 27. g4 Nd5
28. Qd2 f6 29. Ng6 Rf7 30. Bc4 e5 31. dxe5 1/2-1/2

[Event "8. Griesheimer Schachtage 2012"]
[Site "Griesheim"]
[Date "2012.05.20"]
[Round "4.16"]
[White "Hornung, Thomas"]
[Black "Pabel, Ralph"]
[Result "1/2-1/2"]
[WhiteElo "1945"]
[BlackElo "1776"]
[PlyCount "52"]
[EventDate "2012.05.20"]

1. d4 d5 2. c4 dxc4 3. Nf3 e6 4. e3 a6 5. Bxc4 Nf6 6. O-O c5 7. Bb3 Nc6 8. Nc3
b5 9. Qe2 Bb7 10. Rd1 Qc7 11. Bd2 Rd8 12. Rac1 cxd4 13. exd4 Be7 14. Bg5 O-O
15. d5 exd5 16. Bxf6 Bxf6 17. Nxd5 Qd6 18. Nxf6+ Qxf6 19. Rxd8 Rxd8 20. Re1 g6
21. h3 Na5 22. Bd1 Nc6 23. a3 Nd4 24. Nxd4 Rxd4 25. Bb3 Bd5 26. Bxd5 Rxd5
1/2-1/2

[Event "8. Griesheimer Schachtage 2012"]
[Site "Griesheim"]
[Date "2012.05.20"]
[Round "4.17"]
[White "Wabra, Robert"]
[Black "Linnemann, Niklas"]
[Result "0-1"]
[WhiteElo "1834"]
[BlackElo "1933"]
[PlyCount "100"]
[EventDate "2012.05.20"]

1. d4 Nf6 2. Nf3 g6 3. c4 Bg7 4. Nc3 d5 5. cxd5 Nxd5 6. e4 Nxc3 7. bxc3 O-O 8.
Be3 c5 9. Qd2 Nc6 10. Be2 Bg4 11. Rd1 Qa5 12. O-O Rfd8 13. Qb2 Rd7 14. h3 Bxf3
15. Bxf3 Rad8 16. e5 e6 17. Bxc6 bxc6 18. Rb1 Bf8 19. Qb3 Rd5 20. a4 cxd4 21.
cxd4 c5 22. dxc5 Bxc5 23. Bg5 R8d7 24. Bf6 Be7 25. Rfd1 Qd8 26. Rxd5 Rxd5 27.
Bxe7 Qxe7 28. Qb8+ Kg7 29. Rb7 Qa3 30. Qxa7 Qa1+ 31. Kh2 Qxe5+ 32. g3 Qf5 33.
Qe3 Qc2 34. Rb4 Qc6 35. Qf3 Qd7 36. Rh4 Qc7 37. Qe3 h5 38. Rf4 Qc2 39. Qf3 Qc7
40. Kg2 Qd7 41. Qc3+ e5 42. Re4 Qb7 43. Qb4 Qc6 44. Kh2 Qc2 45. Qe1 Rd2 46.
Rxe5 Rxf2+ 47. Kg1 Rg2+ 48. Kf1 Rh2 49. Re2 Rh1+ 50. Kf2 Qf5+ 0-1

[Event "8. Griesheimer Schachtage 2012"]
[Site "Griesheim"]
[Date "2012.05.20"]
[Round "4.18"]
[White "Mager, Thomas"]
[Black "Josic, Ivica"]
[Result "1-0"]
[WhiteElo "1922"]
[BlackElo "1616"]
[PlyCount "101"]
[EventDate "2012.05.20"]

1. d4 d5 2. c4 dxc4 3. e4 Nf6 4. Nc3 Nc6 5. e5 Ng4 6. Nf3 Na5 7. Qa4+ c6 8. b4
b5 9. Qxa5 Qxa5 10. bxa5 e6 11. a3 a6 12. g3 Bb7 13. Bg2 c5 14. dxc5 Bxc5 15.
O-O Rd8 16. h3 Bxf3 17. hxg4 Bxg4 18. Bc6+ Ke7 19. Re1 Bd4 20. Bb2 Bxf2+ 21.
Kxf2 Rd2+ 22. Ne2 Rxb2 23. Rad1 Rd8 24. Rxd8 Kxd8 25. Kf1 Kc7 26. Be4 h6 27.
Nd4 Rd2 28. Nc2 f5 29. exf6 gxf6 30. Nb4 c3 31. Rc1 Rd1+ 32. Rxd1 Bxd1 33.
Nxa6+ Kd6 34. Ke1 Bb3 35. Bd3 Kc6 36. Nb4+ Kc5 37. a6 Kb6 38. Bxb5 Bd5 39. Ke2
Be4 40. Bd3 c2 41. Nxc2 Bxd3+ 42. Kxd3 Kxa6 43. Nd4 e5 44. Nf5 Kb5 45. Nxh6 Ka4
46. Ke4 Kxa3 47. Ng4 Kb4 48. Nxf6 Kc5 49. Kxe5 Kc6 50. g4 Kc7 51. Ke6 1-0

[Event "8. Griesheimer Schachtage 2012"]
[Site "Griesheim"]
[Date "2012.05.20"]
[Round "4.19"]
[White "Henkelmann, Frank"]
[Black "Bingert, Tim Niklas"]
[Result "0-1"]
[WhiteElo "1222"]
[BlackElo "1885"]
[PlyCount "80"]
[EventDate "2012.05.20"]

1. c4 b6 2. d4 Nf6 3. Nc3 Bb7 4. Bf4 e6 5. a3 d5 6. Nb5 Na6 7. cxd5 Nxd5 8. Qd2
Nxf4 9. Qxf4 c6 10. e4 Be7 11. Nf3 cxb5 12. Bxb5+ Kf8 13. Ne5 f6 14. Bd7 g5 15.
Qf3 Kg7 16. Bxe6 Qxd4 17. Nd7 Qxe4+ 18. Qxe4 Bxe4 19. O-O Nc5 20. Rfe1 Nxe6 21.
Rxe4 Rhd8 22. Rae1 Rxd7 23. Rxe6 Bc5 24. b4 Bd4 25. h4 h6 26. R1e4 Be5 27. f4
Bxf4 28. h5 Be5 29. Rc4 Kf7 30. Rcc6 Rad8 31. Rxe5 fxe5 32. Rxh6 e4 33. g4 Rd2
34. Rh7+ Kf6 35. Rh6+ Ke5 36. Rh7 Ra2 37. Rf7 Rd1+ 38. Rf1 Rxf1+ 39. Kxf1 Kf4
40. h6 Rh2 0-1

[Event "8. Griesheimer Schachtage 2012"]
[Site "Griesheim"]
[Date "2012.05.20"]
[Round "4.20"]
[White "Plattner, Rolf"]
[Black "Schellen, Sven"]
[Result "0-1"]
[WhiteElo "1871"]
[BlackElo "1795"]
[PlyCount "74"]
[EventDate "2012.05.20"]

1. e4 e6 2. d4 d5 3. Nc3 Bb4 4. e5 c5 5. a3 Bxc3+ 6. bxc3 Ne7 7. Nf3 Nbc6 8.
Be2 Nf5 9. g4 Nh4 10. g5 Nxf3+ 11. Bxf3 Ne7 12. Qe2 Bd7 13. a4 Rc8 14. dxc5
Rxc5 15. Bd2 Qc7 16. O-O Rc4 17. Rfb1 Nc6 18. Re1 a5 19. Bg2 Ne7 20. Bf1 Ng6
21. Qf3 Rxa4 22. Rxa4 Bxa4 23. Bd3 Bc6 24. Qg3 a4 25. h4 Qb6 26. c4 Qb2 27. h5
Ne7 28. g6 hxg6 29. hxg6 dxc4 30. gxf7+ Kf8 31. Be4 Bxe4 32. Rxe4 Qxc2 33. Qe3
Qd1+ 34. Be1 Qh5 35. Kf1 Nd5 36. Qc5+ Kxf7 37. Qxc4 Qf3 0-1

[Event "8. Griesheimer Schachtage 2012"]
[Site "Griesheim"]
[Date "2012.05.20"]
[Round "4.21"]
[White "Berkes, Alexander"]
[Black "Dankesreiter, Arne"]
[Result "1-0"]
[WhiteElo "1816"]
[BlackElo "1993"]
[PlyCount "33"]
[EventDate "2012.05.20"]

1. e4 d5 2. exd5 Qxd5 3. Nc3 Qa5 4. Bc4 Bf5 5. Nge2 e6 6. Ng3 Bg6 7. O-O c6 8.
Qe2 Bd6 9. f4 Bc5+ 10. Kh1 Ne7 11. f5 exf5 12. Nxf5 Bxf5 13. Rxf5 O-O 14. Qxe7
Bxe7 15. Rxa5 b5 16. Nxb5 cxb5 17. Bd5 1-0

[Event "8. Griesheimer Schachtage 2012"]
[Site "Griesheim"]
[Date "2012.05.20"]
[Round "4.22"]
[White "Rimpler, Rafael"]
[Black "Gutacker, Stephan"]
[Result "0-1"]
[WhiteElo "1581"]
[BlackElo "1956"]
[PlyCount "118"]
[EventDate "2012.05.20"]

1. e4 e5 2. Nf3 Nc6 3. d4 exd4 4. Nxd4 Bc5 5. Be3 Qf6 6. c3 Nge7 7. Bc4 Ne5 8.
Be2 d5 9. O-O Qg6 10. Bh5 Bg4 11. Bxg6 Bxd1 12. Bxf7+ Kxf7 13. Rxd1 Nc4 14. b4
Nxe3 15. fxe3 Bb6 16. Rf1+ Ke8 17. Nd2 c5 18. Nc2 cxb4 19. cxb4 Rc8 20. Rac1
Rc3 21. Nb1 Rxe3 22. Nxe3 Bxe3+ 23. Kh1 Bxc1 24. Rxc1 Rf8 25. Kg1 Kd7 26. exd5
Nxd5 27. Rd1 Kc6 28. Rd4 Ne3 29. Nd2 b5 30. Re4 Nd5 31. a3 Kd6 32. Nf3 Rc8 33.
Nd4 Nc3 34. Nf5+ Kd5 35. Ne7+ Kxe4 36. Nxc8 a6 37. Nd6+ Kd3 38. Ne8 Nb1 39. Nc7
Nxa3 40. Nxa6 Nc2 41. Kf2 Kc4 42. Kf3 Nxb4 43. Nc7 Nd5 44. Nxb5 Kxb5 45. Ke4
Kc6 46. g4 Kd6 47. h4 Ke6 48. g5 g6 49. h5 gxh5 50. Kf3 Kf5 51. Kg3 Kxg5 52.
Kh3 Ne7 53. Kg3 Nf5+ 54. Kh3 h6 55. Kh2 Kg4 56. Kg2 Ne3+ 57. Kh2 h4 58. Kh1 Kg3
59. Kg1 Ng4 0-1

[Event "8. Griesheimer Schachtage 2012"]
[Site "Griesheim"]
[Date "2012.05.20"]
[Round "4.23"]
[White "Karsay, Pascal"]
[Black "Jung, Bernd"]
[Result "0-1"]
[WhiteElo "1412"]
[BlackElo "1825"]
[PlyCount "92"]
[EventDate "2012.05.20"]

1. d4 d5 2. c4 e6 3. Nc3 c5 4. Nf3 Nc6 5. e3 Nf6 6. Be2 Be7 7. O-O O-O 8. Bd2
h6 9. h3 a6 10. cxd5 exd5 11. Rc1 b6 12. Ne5 Nxe5 13. dxe5 Ne4 14. Nxe4 dxe4
15. Bc4 Qc7 16. Bd5 Bb7 17. Bxb7 Qxb7 18. Qg4 Rad8 19. Bc3 f5 20. Qg6 Rc8 21.
Qg3 Rc6 22. Rcd1 Re6 23. f3 g5 24. fxe4 Qxe4 25. Qf3 Qxf3 26. Rxf3 g4 27. hxg4
fxg4 28. Rf4 Rxf4 29. exf4 Bh4 30. Rd6 Rxd6 31. exd6 Kf7 32. Kh2 Ke6 33. Be5 b5
34. g3 Bd8 35. Kg2 h5 36. Kf2 a5 37. Ke3 Kd5 38. b3 c4 39. bxc4+ bxc4 40. a4
Bb6+ 41. Ke2 Ke6 42. Kf1 Bc5 43. Ke2 Bxd6 44. Bxd6 Kxd6 45. Kd2 h4 46. gxh4 g3
0-1

[Event "8. Griesheimer Schachtage 2012"]
[Site "Griesheim"]
[Date "2012.05.20"]
[Round "4.24"]
[White "Winter, Thomas"]
[Black "Lopez-Fuertes, Victor"]
[Result "0-1"]
[WhiteElo "1066"]
[BlackElo "1778"]
[PlyCount "94"]
[EventDate "2012.05.20"]

1. e4 e5 2. Nf3 d6 3. d4 exd4 4. Nxd4 g6 5. Nc3 Bg7 6. Be3 Nf6 7. Be2 O-O 8.
O-O Re8 9. Bf3 Nbd7 10. Re1 Ne5 11. Rb1 Nxf3+ 12. Qxf3 Ng4 13. Rbd1 a6 14. h3
Ne5 15. Qe2 c5 16. Nf3 Nxf3+ 17. Qxf3 b6 18. Bc1 Bb7 19. Nd5 Bxd5 20. exd5 Be5
21. c4 b5 22. b3 bxc4 23. bxc4 Qd7 24. Re2 Qa4 25. Qb3 Qxb3 26. axb3 Bh2+ 27.
Kf1 Rxe2 28. Kxe2 Be5 29. Be3 Bc3 30. Rb1 a5 31. Kd3 Bb4 32. Bd2 Ra7 33. Ra1
Rb7 34. g4 Bxd2 35. Kxd2 Rxb3 36. h4 Rb4 37. Kd3 a4 38. Rc1 Kg7 39. Rc3 f6 40.
f4 h6 41. g5 hxg5 42. hxg5 Kf7 43. Kc2 a3 44. Rxa3 Rxc4+ 45. Kd3 Rd4+ 46. Ke3
fxg5 47. fxg5 Rxd5 0-1

[Event "8. Griesheimer Schachtage 2012"]
[Site "Griesheim"]
[Date "2012.05.20"]
[Round "4.25"]
[White "Dshurowa, Petra"]
[Black "Winkler, Holger"]
[Result "1-0"]
[WhiteElo "1774"]
[BlackElo "1631"]
[PlyCount "69"]
[EventDate "2012.05.20"]

1. c4 Nf6 2. Nc3 g6 3. g3 Bg7 4. Bg2 O-O 5. Nf3 c5 6. O-O Nc6 7. e3 d6 8. d4 e6
9. b3 a6 10. Ba3 Qa5 11. Bb2 Rd8 12. a3 d5 13. cxd5 exd5 14. dxc5 Qxc5 15. Rc1
Qe7 16. Qe2 Be6 17. b4 Rac8 18. Rfd1 b5 19. Rd2 Ne4 20. Nxe4 dxe4 21. Rxd8+
Qxd8 22. Ne1 Bc4 23. Qc2 f5 24. Bxg7 Kxg7 25. Rd1 Qe7 26. Qc3+ Kg8 27. Bf1 Ne5
28. Bxc4+ Rxc4 29. Qb3 Kf8 30. Kg2 Qc7 31. Rd5 Rc1 32. Qb2 Rxe1 33. Rxe5 Rc1
34. Re6 Kf7 35. Qf6+ 1-0

[Event "8. Griesheimer Schachtage 2012"]
[Site "Griesheim"]
[Date "2012.05.20"]
[Round "4.26"]
[White "Kuenitz, Klaus"]
[Black "Jesze, Paul"]
[Result "0-1"]
[WhiteElo "1710"]
[BlackElo "1615"]
[PlyCount "68"]
[EventDate "2012.05.20"]

1. d4 Nf6 2. c4 e6 3. Nf3 Be7 4. Nc3 d6 5. e4 O-O 6. h3
b6 7. Bd3 c5 8. dxc5 dxc5 9. Qc2 Nc6 10. e5 Nb4 11. Bxh7+ Nxh7 12. Qe4 Nd3+ 13.
Ke2 Nxc1+ 14. Raxc1 Rb8 15. Rcd1 Qc7 16. Nb5 Qb7 17. Qg4 Bd7 18. Nd6 Qa6 19.
Nxf7 Bc6 20. Nd6 Bxd6 21. Qxe6+ Rf7 22. Rxd6 Bxf3+ 23. gxf3 Qb7 24. Qg4 Rbf8
25. Rd5 b5 26. b3 bxc4 27. Qxc4 Ng5 28. f4 Ne6 29. f5 Rxf5 30. Rhd1 Nf4+ 31.
Kf1 Nxd5 32. Rxd5 Rxf2+ 33. Kg1 Qf7 34. Rxc5 Qxc4 0-1

[Event "8. Griesheimer Schachtage 2012"]
[Site "Griesheim"]
[Date "2012.05.20"]
[Round "4.27"]
[White "Richter, Tony"]
[Black "Fuchs, Andreas"]
[Result "1-0"]
[WhiteElo "1703"]
[BlackElo "1558"]
[PlyCount "93"]
[EventDate "2012.05.20"]

1. d4 Nf6 2. Nf3 g6 3. Bg5 Bg7 4. Nbd2 d6 5. Bxf6 Bxf6 6. c3 Nc6 7. e3 O-O 8.
Bd3 e5 9. dxe5 Nxe5 10. Nxe5 Bxe5 11. Qc2 a6 12. Nf3 Bg7 13. h4 h5 14. O-O-O
Bg4 15. Rde1 c5 16. Ng5 Qf6 17. f3 Bf5 18. Bxf5 Qxf5 19. Qxf5 gxf5 20. Rd1 Rad8
21. Rd5 Rfe8 22. Rxf5 f6 23. Ne4 Re5 24. Nxf6+ Bxf6 25. Rxf6 Kg7 26. Rf4 Rxe3
27. Rd1 Kg6 28. c4 Re2 29. Rd2 Re1+ 30. Kc2 b5 31. b3 b4 32. g4 hxg4 33. fxg4
Rh1 34. g5 Kh5 35. Rf7 Rxh4 36. Rh7+ Kg4 37. Rxh4+ Kxh4 38. g6 Rd7 39. Rg2 Rg7
40. Kd3 Kh5 41. Ke4 Re7+ 42. Kd5 Kh6 43. g7 Rxg7 44. Rxg7 Kxg7 45. Kxd6 Kf7 46.
Kxc5 Ke6 47. Kxb4 1-0

[Event "8. Griesheimer Schachtage 2012"]
[Site "Griesheim"]
[Date "2012.05.20"]
[Round "4.28"]
[White "Klier, Michaela"]
[Black "Lindemann, Antje"]
[Result "0-1"]
[WhiteElo "960"]
[BlackElo "1672"]
[PlyCount "46"]
[EventDate "2012.05.20"]

1. e4 e5 2. Bc4 Nc6 3. Nf3 Bc5 4. O-O Nf6 5. d3 h6 6. c3 d6 7. Qb3 O-O 8. Nh4
Na5 9. Qa4 Nxc4 10. Qxc4 Be6 11. Qb5 Bb6 12. a4 c6 13. Qb4 c5 14. Qb5 a6 15.
Qxb6 Qxb6 16. a5 Qd8 17. b4 cxb4 18. cxb4 Nxe4 19. Nf3 Nf6 20. d4 e4 21. Nh4
Nd5 22. f3 Qxh4 23. fxe4 Qxe4 0-1

[Event "8. Griesheimer Schachtage 2012"]
[Site "Griesheim"]
[Date "2012.05.20"]
[Round "4.29"]
[White "Hamar, Robert"]
[Black "Bejan, Viorel"]
[Result "1/2-1/2"]
[WhiteElo "1653"]
[BlackElo "1555"]
[PlyCount "90"]
[EventDate "2012.05.20"]

1. c4 e6 2. Nc3 f5 3. d4 Nf6 4. Nf3 c6 5. c5 d5 6. Bg5 Be7 7. e3 O-O 8. Bd3
Nbd7 9. b4 Ne4 10. Bxe7 Qxe7 11. Qc2 Ndf6 12. Ne5 Nd7 13. O-O Nxe5 14. dxe5 Bd7
15. Ne2 a6 16. f3 Ng5 17. f4 Ne4 18. Nd4 Be8 19. Nf3 Kh8 20. Bxe4 fxe4 21. Nd4
Bd7 22. Qf2 Rf7 23. g4 Rg8 24. Kh1 g6 25. Qg3 Rgg7 26. g5 Rf8 27. Rg1 Ra8 28.
h4 Kg8 29. a4 a5 30. Rgb1 axb4 31. Rxb4 Bc8 32. Rc1 Ra5 33. Nb3 Ra6 34. Qe1 Qd8
35. a5 Qe7 36. Qd2 h6 37. Rb6 hxg5 38. hxg5 Rh7+ 39. Kg2 Rh4 40. Rh1 Qh7 41.
Rxh4 Qxh4 42. Rxa6 Qg4+ 43. Kf1 Qf3+ 44. Ke1 Qh1+ 45. Ke2 Qf3+ 1/2-1/2

[Event "8. Griesheimer Schachtage 2012"]
[Site "Griesheim"]
[Date "2012.05.20"]
[Round "4.31"]
[White "Muehlbach, Christian"]
[Black "Felde, Philipp"]
[Result "1/2-1/2"]
[WhiteElo "1709"]
[BlackElo "1423"]
[PlyCount "44"]
[EventDate "2012.05.20"]

1. e4 g6 2. d4 Bg7 3. f4 c6 4. Nc3 d5 5. e5 h5 6. Nf3 Nh6 7. Bd3 Qb6 8. O-O Na6
9. b3 Nb4 10. Bb2 Nxd3 11. Qxd3 Bf5 12. Qe2 e6 13. Rad1 Bf8 14. Nh4 Bg4 15. Nf3
Be7 16. h3 Bxf3 17. Qxf3 Nf5 18. Ne2 c5 19. c3 cxd4 20. cxd4 Rc8 21. Rc1 O-O
22. Kh2 Kg7 1/2-1/2

[Event "8. Griesheimer Schachtage 2012"]
[Site "Griesheim"]
[Date "2012.05.20"]
[Round "4.32"]
[White "Grote, Steffi"]
[Black "Hamar, Dirk"]
[Result "1/2-1/2"]
[WhiteElo "1551"]
[BlackElo "1541"]
[PlyCount "52"]
[EventDate "2012.05.20"]

1. c4 Nf6 2. Nc3 c6 3. g3 d5 4. cxd5 cxd5 5. d4 Bf5 6. Bg2 e6 7. Bg5 Bd6 8. e4
dxe4 9. Qa4+ Qd7 10. Bxf6 Qxa4 11. Nxa4 gxf6 12. Ne2 Nc6 13. Nc5 Bxc5 14. dxc5
Nb4 15. O-O Nd3 16. Nc3 Nxc5 17. b4 Na6 18. a3 Rd8 19. Nxe4 Ke7 20. Rac1 Rd4
21. Rfe1 Rhd8 22. b5 Nb8 23. Rc7+ R8d7 24. Rc8 Rd1 25. Kf1 Rxe1+ 26. Kxe1 Rd8
1/2-1/2

[Event "8. Griesheimer Schachtage 2012"]
[Site "Griesheim"]
[Date "2012.05.20"]
[Round "4.33"]
[White "Reuter, Klaus"]
[Black "Morgenroth, Fabian"]
[Result "1-0"]
[WhiteElo "1644"]
[BlackElo "1242"]
[PlyCount "63"]
[EventDate "2012.05.20"]

1. d4 d5 2. c4 e6 3. g3 Nf6 4. Bg2 Nc6 5. Nf3 Bb4+ 6. Bd2 Bxd2+ 7. Nbxd2 O-O 8.
e3 Re8 9. Ne5 Bd7 10. O-O dxc4 11. Ndxc4 Nd5 12. e4 Nde7 13. a3 Nxe5 14. Nxe5
Nc6 15. f4 f6 16. Nxc6 Bxc6 17. d5 exd5 18. exd5 Bb5 19. Rf2 Re7 20. Qb3 Bd7
21. d6+ Re6 22. Bd5 Qe8 23. Re1 Kh8 24. Rxe6 Bxe6 25. Bxe6 cxd6 26. f5 b6 27.
Rc2 h6 28. Rc7 d5 29. Qf3 d4 30. Qg4 g5 31. Qxd4 Rd8 32. Qxf6# 1-0

[Event "8. Griesheimer Schachtage 2012"]
[Site "Griesheim"]
[Date "2012.05.20"]
[Round "4.34"]
[White "Breining, Anton"]
[Black "Urbach, Jens"]
[Result "1-0"]
[WhiteElo "1487"]
[BlackElo "1565"]
[PlyCount "128"]
[EventDate "2012.05.20"]

1. d4 Nf6 2. Nc3 d5 3. Bg5 Ne4 4. Nxe4 dxe4 5. c3 h6 6. Bf4 g5 7. Be3 Bf5 8.
Bd2 Nc6 9. e3 Qd7 10. Bc4 e6 11. Ne2 O-O-O 12. b4 Bg4 13. h3 Bxe2 14. Qxe2 Bd6
15. a4 f5 16. g3 Qf7 17. a5 f4 18. Rf1 fxg3 19. fxg3 Bxg3+ 20. Kd1 Qg6 21. Qg4
Bh4 22. Qxe6+ Qxe6 23. Bxe6+ Kb8 24. Kc2 Rd6 25. Bf5 Rf8 26. Bxe4 Rxf1 27. Rxf1
a6 28. Bxc6 Rxc6 29. Be1 Bxe1 30. Rxe1 Rf6 31. Kd3 Rf3 32. Rh1 h5 33. Rg1 Rxh3
34. Rxg5 h4 35. Rh5 Rh1 36. e4 h3 37. Kc4 h2 38. e5 Kc8 39. Rh7 Kd8 40. d5 Ke8
41. e6 Kf8 42. Kc5 Kg8 43. Rh3 Kg7 44. c4 Kf6 45. Rh7 Kg6 46. Rh3 Kg5 47. e7
Kg4 48. Rh7 Re1 49. Rxh2 Rxe7 50. Rb2 Rh7 51. b5 Rh6 52. bxa6 Rxa6 53. Rb5 Kf4
54. Kd4 b6 55. axb6 cxb6 56. d6 Kf3 57. d7 Ra1 58. Kd5 Rh1 59. Kc6 Rh6+ 60. Kc7
Rh7 61. Kc8 Ke4 62. d8=Q Ra7 63. Qxb6 Ra8+ 64. Kb7 Rh8 1-0

[Event "8. Griesheimer Schachtage 2012"]
[Site "Griesheim"]
[Date "2012.05.20"]
[Round "5.2"]
[White "Junesch, Gerhard"]
[Black "Walter, Stefan"]
[Result "1/2-1/2"]
[WhiteElo "2277"]
[BlackElo "2354"]
[PlyCount "88"]
[EventDate "2012.05.20"]

1. Nf3 Nf6 2. c4 c5 3. Nc3 b6 4. g3 Bb7 5. Bg2 e6 6. O-O d6 7. Re1 Nbd7 8. e4
Rc8 9. b3 a6 10. Bb2 Be7 11. d4 cxd4 12. Nxd4 Rc7 13. f4 O-O 14. f5 e5 15. Nc2
Qa8 16. Qe2 Rfc8 17. Ne3 b5 18. Rad1 Qa7 19. Kh1 Nb6 20. Ncd5 Nfxd5 21. cxd5
Nd7 22. h4 Bd8 23. Ba3 Qb6 24. b4 Qa7 25. Bc1 f6 26. Bd2 Qd4 27. Qh5 Nf8 28. g4
Qb2 29. g5 Qxa2 30. Rg1 Qb3 31. Ng4 Rf7 32. g6 Rfc7 33. gxh7+ Kh8 34. Bh6 Re7
35. Nxf6 Rc3 36. Kh2 Rg3 37. Bg5 gxf6 38. Bxf6+ Reg7 39. Qe8 Bxf6 40. Qxf8+
Kxh7 41. Qxf6 Rxg2+ 42. Rxg2 Rxg2+ 43. Kxg2 Qxd1 44. Qe7+ Kh6 1/2-1/2

[Event "8. Griesheimer Schachtage 2012"]
[Site "Griesheim"]
[Date "2012.05.20"]
[Round "5.3"]
[White "Schork, Stefan"]
[Black "Hoeck, Raimund"]
[Result "1-0"]
[WhiteElo "2134"]
[BlackElo "1986"]
[PlyCount "71"]
[EventDate "2012.05.20"]

1. Nf3 d5 2. g3 c6 3. Bg2 Bg4 4. c4 e6 5. Qb3 Qb6 6. Ne5 Bf5 7. Nc3 Nf6 8. Qa4
d4 9. Nd1 Bd6 10. Nd3 O-O 11. O-O Nbd7 12. b4 Bxd3 13. exd3 c5 14. bxc5 Nxc5
15. Qc2 Qa5 16. Rb1 Rab8 17. Rb5 Qc7 18. Ba3 Nfd7 19. f4 e5 20. fxe5 Nxe5 21.
Nf2 b6 22. Rfb1 Ned7 23. Qd1 Ne5 24. Bxc5 Bxc5 25. Qh5 Rbc8 26. Ne4 Nxd3 27.
Nf6+ gxf6 28. Be4 Rfe8 29. Qxh7+ Kf8 30. Bxd3 Re5 31. Rf1 Ke7 32. Rbb1 Rf8 33.
Rf4 Rg5 34. Qe4+ Qe5 35. Qf3 Bd6 36. Re4 1-0

[Event "8. Griesheimer Schachtage 2012"]
[Site "Griesheim"]
[Date "2012.05.20"]
[Round "5.4"]
[White "Tierling, Detlef"]
[Black "Zuyev, Igor"]
[Result "0-1"]
[WhiteElo "2023"]
[BlackElo "2348"]
[PlyCount "154"]
[EventDate "2012.05.20"]

1. Nf3 c5 2. g3 g6 3. Bg2 Bg7 4. c4 Nc6 5. Nc3 d6 6. O-O e5 7. d3 Nge7 8. Bd2
O-O 9. Qc1 f6 10. a3 Be6 11. Rb1 a5 12. Ne1 Qd7 13. Nd5 Nd4 14. Nxe7+ Qxe7 15.
Qd1 Qd7 16. e3 Nc6 17. b4 axb4 18. axb4 cxb4 19. Bxb4 Rfb8 20. Nc2 b5 21. cxb5
Rxb5 22. Bc3 Rxb1 23. Qxb1 d5 24. Qb5 Rb8 25. Qa4 Qb7 26. Ra1 Bf8 27. h4 Kg7
28. Kh2 Bd6 29. Qa6 Qd7 30. d4 Rb3 31. Be1 e4 32. Bf1 Nb8 33. Qa8 Qc6 34. Qa2
Qb7 35. Qa7 Nc6 36. Qxb7+ Rxb7 37. Ra6 Bd7 38. Bh3 f5 39. h5 Rb2 40. hxg6 Kxg6
41. Na1 Re2 42. Bf1 Rxe1 43. Bb5 Rc1 44. Nb3 Rc2 45. Nc5 Bxc5 46. Bxc6 Bc8 47.
Bb7+ Kg5 48. Bxc8 Bb4 49. Be6 Rxf2+ 50. Kh3 Rf3 51. Ra8 Bd6 52. Rg8+ Kf6 53.
Bxd5 Rxe3 54. Kh4 Rd3 55. Re8 Bxg3+ 56. Kh5 Rxd4 57. Re6+ Kg7 58. Re7+ Kf8 59.
Rf7+ Ke8 60. Rxf5 e3 61. Bf3 Ke7 62. Be2 Bf2 63. Kh6 Rd2 64. Bc4 Rc2 65. Bd3
Ke6 66. Rf8 Rd2 67. Bb5 Rb2 68. Ba6 Ke7 69. Kg7 h5 70. Rf7+ Ke6 71. Bc4+ Kd6
72. Kg6 h4 73. Kf5 h3 74. Rh7 Kc5 75. Bd3 Kd4 76. Ba6 Ra2 77. Bb5 Ra5 0-1

[Event "8. Griesheimer Schachtage 2012"]
[Site "Griesheim"]
[Date "2012.05.20"]
[Round "5.5"]
[White "Leiter, Thomas"]
[Black "Schmitt, Carsten"]
[Result "1-0"]
[WhiteElo "2172"]
[BlackElo "1994"]
[PlyCount "33"]
[EventDate "2012.05.20"]

1. e4 c5 2. Nf3 Nf6 3. e5 Nd5 4. d4 cxd4 5. c3 Nc6 6. Bc4 Nb6 7. Bb3 dxc3 8.
Nxc3 d6 9. O-O dxe5 10. Qxd8+ Nxd8 11. Nb5 Ne6 12. Nxe5 a6 13. Bxe6 axb5 14.
Bxf7+ Kd8 15. Rd1+ Kc7 16. Bf4 Ra4 17. Rac1+ 1-0

[Event "8. Griesheimer Schachtage 2012"]
[Site "Griesheim"]
[Date "2012.05.20"]
[Round "5.6"]
[White "Winand, Edgar"]
[Black "Loewe, Lennard"]
[Result "1/2-1/2"]
[WhiteElo "1947"]
[BlackElo "2119"]
[PlyCount "84"]
[EventDate "2012.05.20"]

1. Nf3 c5 2. e3 d5 3. d4 cxd4 4. exd4 Nf6 5. b3 Bg4 6. Bb2 Nc6 7. Be2 e6 8. O-O
Bd6 9. Ne5 Bxe2 10. Qxe2 O-O 11. Nd2 Rc8 12. f4 Qb6 13. Ndf3 Rfe8 14. Rac1 Ne4
15. c4 Bxe5 16. fxe5 Ne7 17. c5 Qc6 18. b4 a6 19. Nd2 Nxd2 20. Qxd2 Ng6 21. Rf3
Rc7 22. Qf2 Qa4 23. a3 a5 24. Qc2 Qb5 25. Qd3 Qxd3 26. Rxd3 axb4 27. axb4 f6
28. g3 Rec8 29. exf6 gxf6 30. Rf1 Kg7 31. Rdf3 Rf7 32. Re1 Re7 33. Ref1 Rf7 34.
Re1 Nf8 35. b5 Re8 36. Rfe3 Rc7 37. Ba3 Kf7 38. Bb4 Nd7 39. Rd1 Ra8 40. Ra3
Rxa3 41. Bxa3 Rc8 42. Rd3 Ke8 1/2-1/2